01262nam a2200229 a 450000100060000000300090000600800410001502000150005604000280007108200170009910000810011624500510019726000340024830000120028250504490029465000410074365000410078465000260082594200120085199900170086395201520088015203CO-ViMGA141112s2004 ck r 000 u spa d a8448112547 aCO-ViMGAbspacCO-ViMGA04a370.15 B835m1 aBuendia Eisman, Leonor; Colas Bravo, Pilar; Hernandez Pina, Fuensanta92207810aMetodos de investigación en Psicopedagogía aMadrid (E)McGraw Hill, c1999 a342..p. aProceso de la Investigación educativa La Investigación experimental Diseños de investigación experimental La investigación por encuesta La investigación observacional La encuesta y la metodología observacional Metodología cualitativa, sus practicas de investigación Metodos y tecnicas cualitativas de investigación en Psicopedagogia El análisis cualitativo de datos Investigaciónes realizadas con metodologia cualitativa14aInvestigación - educación92207914aMETODOLOGIA - Investigación92208014aPSICOPEDAGOGIA914915 2ddccBK c25576d25576 00102ddc40708003aMEVIECARbMEVIECARd2015-12-04hVolumen. 1 | 11/jun/2009l0o370.15 B835m p15203r2017-09-12 00:00:00tEj. 1w2015-12-04yBK